Logos de Organizações - Statistics

Estatísticas Gerais
  • Esse quiz foi jogado 192 vezes
  • A pontuação média é 5 de 11
Estatísticas das Respostas
Imagem Resposta % Correto
Organização das Nações Unidas
92%
União Européia
86%
Mercosul
61%
Organização do Tratado do Atlântico Norte
61%
Organização Mundial da Saúde
56%
Unicef
52%
Organização dos Estados Americanos
17%
Organização dos Países Exportadores de Petróleo
13%
Organização Mundial do Comércio
13%
Fundo Monetário Internacional
9%
Banco Mundial
7%
Nenhum quiz correspondente encontrado
Distribuição das Pontuações
Porcentagem de Pessoas com Cada Pontuação
Percentil de Números Respondidos
Sua Pontuação Histórica
Você não jogou esse quiz